00657nam a22002054a 450000500170000000800410001701000140005802000230007202000260009503500130012103700150013404000180014908200150016710000220018224500790020426000400028327000480032330000290037150000510040020071114120703.0070217s2007 ii | b 00| 0 eng  aENG-93354 a8189886312c450.00 a9788189886318c450.00 aEN-76887 bDBAD / PUB adplbEnglish  a333.715082 aBourai, Himanshu  aWomen's participation in nutural resource mangement /cby Himanshu Bourai  aDelhi bAbhijeet Publicationsc2008 a2/46 Tukhmeerpur Extension bDelhi e110094 aviii, 190p. c22cm (Hb)  aIncludes bibliographical references and index